Gaming Quiz

Random Gaming or Pokémon Quiz

Pokémon Silhouettes (21 - 40) Quiz Stats

 Plays Quiz not verified by Sporcle

Score 0/20 Timer 05:00
0 Plays Today
% Correct
Vulpix
79.5%
Raichu
79.1%
Pikachu
78.8%
Nidoqueen
78.2%
Ninetales
76.4%
Arbok
76.3%
Jigglypuff
76.3%
Fearow
75.7%
Ekans
75.3%
Sandshrew
74.7%
% Correct
Spearow
74.6%
Wigglytuff
74%
Sandslash
73.9%
Nidoking
73.2%
Nidoran ♀
73%
Clefable
71.3%
Clefairy
70.9%
Nidorina
64.9%
Nidorino
61.7%
Nidoran ♂
61%

You're not logged in!

Compare scores with friends on all Sporcle quizzes.
OR
Log In

Sporcle TV

Today on Sporcle TV


Watch our educational content, quiz creation guides, and fun videos on Sporcle TV.

Show Comments

Extras

Top Quizzes Today


Score Distribution

Your Account Isn't Verified!

In order to create a playlist on Sporcle, you need to verify the email address you used during registration. Go to your Sporcle Settings to finish the process.

Report this User

Report this user for behavior that violates our Community Guidelines.

Details: